[Event "Titled Tuesday intern op 18th Jul Early"]
[Site "Chess.com INT"]
[Date "2023.07.18"]
[Round "6"]
[White "Fernandez Garcia, Jose Miguel"]
[Black "Ezat, Mohamed Mahmoud"]
[Result "0-1"]
[WhiteElo "2367"]
[BlackElo "2383"]
[PlyCount "52"]
[EventDate "2023.07.18"]
[EventType "swiss (blitz)"]
[EventRounds "11"]
[EventCountry "USA"]
[SourceTitle "EXT 2024"]
[Source "ChessBase"]
[SourceDate "2023.10.10"]
[SourceVersion "1"]
[SourceVersionDate "2023.10.10"]
[SourceQuality "1"]

1. Nf3 Nf6 2. b3 g6 3. Bb2 Bg7 4. g3 0-0 5. Bg2 d6 6. d4 e5 7. dxe5 Nfd7 8. 0-0 Nc6 9. c4 Ndxe5 10. Qd2 a5 11. Nc3 a4 12. Nxa4 Nxc4 13. bxc4 Rxa4 14. Bxg7 Kxg7 15. Qc2 Ra5 16. Rfd1 Qf6 17. Rab1 Bf5 18. e4 Bg4 19. Rd3 Rfa8 20. a3 Rxa3 21. Rxa3 Rxa3 22. Ne1 Nd4 23. Qb2 Rb3 24. Qa1 b6 25. h3 Be6 26. Rxb3 Ne2+ 0-1

[Event "Titled Tuesday intern op 18th Jul Early"]
[Site "Chess.com INT"]
[Date "2023.07.18"]
[Round "5"]
[White "Kramnik, Vladimir"]
[Black "Fernandez Garcia, Jose Miguel"]
[Result "1-0"]
[WhiteElo "2753"]
[BlackElo "2367"]
[PlyCount "73"]
[EventDate "2023.07.18"]
[EventType "swiss (blitz)"]
[EventRounds "11"]
[EventCountry "USA"]
[SourceTitle "EXT 2024"]
[Source "ChessBase"]
[SourceDate "2023.10.10"]
[SourceVersion "1"]
[SourceVersionDate "2023.10.10"]
[SourceQuality "1"]

1. e4 Nf6 2. e5 Nd5 3. d4 d6 4. Nf3 dxe5 5. Nxe5 Nd7 6. Nf3 g6 7. c4 N5f6 8. Nc3 Bg7 9. Be2 0-0 10. 0-0 Nb6 11. h3 c6 12. Re1 Be6 13. b3 Qc7 14. Bf1 Rad8 15. Rxe6 fxe6 16. Qe1 Qc8 17. Ba3 Rfe8 18. Rd1 Na8 19. g3 Nc7 20. h4 Nd7 21. Bh3 Nf8 22. Ne4 b6 23. Bc1 Qb7 24. Bf4 e5 25. Bxe5 Nce6 26. Bxg7 Nxg7 27. Ne5 Nfe6 28. Qe3 c5 29. d5 Nd4 30. Qh6 Ngf5 31. Bxf5 Nxf5 32. Qg5 Qc7 33. Nxg6 hxg6 34. Qxg6+ Ng7 35. Ng5 e5 36. Qh7+ Kf8 37. Qh8+ 1-0

[Event "Titled Tuesday intern op 11th Jul Early"]
[Site "Chess.com INT"]
[Date "2023.07.11"]
[Round "1"]
[White "Fernandez Garcia, Jose Miguel"]
[Black "Gao, Raymond"]
[Result "1-0"]
[WhiteElo "2367"]
[BlackElo "1964"]
[PlyCount "159"]
[EventDate "2023.07.11"]
[EventType "swiss (blitz)"]
[EventRounds "11"]
[EventCountry "USA"]
[SourceTitle "EXT 2024"]
[Source "ChessBase"]
[SourceDate "2023.10.10"]
[SourceVersion "1"]
[SourceVersionDate "2023.10.10"]
[SourceQuality "1"]

1. Nf3 Nf6 2. b3 d5 3. e3 Bf5 4. Bb2 Nbd7 5. h3 c6 6. g4 Bg6 7. g5 Ne4 8. h4 Bh5 9. Be2 Qc7 10. Nh2 Bxe2 11. Qxe2 e5 12. d3 Qa5+ 13. Nd2 Nxd2 14. Qxd2 Qxd2+ 15. Kxd2 Bd6 16. Ng4 Ke7 17. f4 f6 18. fxe5 fxe5 19. Raf1 Raf8 20. Ke2 Ke6 21. e4 dxe4 22. dxe4 Nc5 23. Ke3 Bc7 24. Ba3 Bb6 25. Bxc5 Bxc5+ 26. Ke2 Rxf1 27. Rxf1 Rf8 28. Rxf8 Bxf8 29. Ne3 g6 30. Kf3 Bc5 31. Ng4 a5 32. a4 Be7 33. Ke3 b5 34. Kd3 Kd6 35. c3 Ke6 36. Nh6 Bf8 37. Ng4 Bg7 38. Ne3 Kd6 39. Ng2 Kc5 40. Ne3 Kd6 41. Ng4 Ke6 42. Ke3 Kd6 43. Nh2 Ke6 44. Kd3 Kd6 45. Nf3 Kc5 46. Nd2 Bf8 47. Nf3 Bg7 48. Ng1 Kd6 49. Ne2 Ke6 50. Nc1 Kd6 51. Na2 Kc5 52. b4+ axb4 53. cxb4+ Kd6 54. a5 c5 55. Kc3 Bf8 56. Nc1 Kc6 57. bxc5 Bxc5 58. Nd3 Bd4+ 59. Kb4 Be3 60. Nxe5+ Kd6 61. Ng4 Bd2+ 62. Kxb5 Be1 63. Nf6 Bxh4 64. Nxh7 Kc7 65. a6 Kb8 66. e5 Bg3 67. e6 Bd6 68. Nf6 Be7 69. Ne4 Ka7 70. Kc6 Kb8 71. Kd7 Ba3 72. e7 Bxe7 73. Kxe7 Ka7 74. Kf6 Kxa6 75. Kxg6 Kb6 76. Kf6 Kc6 77. g6 Kd5 78. g7 Kxe4 79. g8Q Kd3 80. Qd5+ 1-0

[Event "Titled Tuesday intern op 11th Jul Late"]
[Site "Chess.com INT"]
[Date "2023.07.11"]
[Round "6"]
[White "Fernandez Garcia, Jose Miguel"]
[Black "Vovk, Orest"]
[Result "1-0"]
[WhiteElo "2367"]
[BlackElo "2315"]
[PlyCount "57"]
[EventDate "2023.07.11"]
[EventType "swiss (blitz)"]
[EventRounds "11"]
[EventCountry "USA"]
[SourceTitle "EXT 2024"]
[Source "ChessBase"]
[SourceDate "2023.10.10"]
[SourceVersion "1"]
[SourceVersionDate "2023.10.10"]
[SourceQuality "1"]

1. Nf3 h6 2. b3 Nf6 3. Bb2 Rg8 4. e3 g5 5. h3 d5 6. c4 g4 7. hxg4 Bxg4 8. Nc3 Nc6 9. d4 dxc4 10. Bxc4 e6 11. Qe2 Bb4 12. 0-0-0 Nd5 13. Ne4 h5 14. a3 Be7 15. Nc5 Bxc5 16. dxc5 Qe7 17. b4 0-0-0 18. Qc2 Bxf3 19. gxf3 Rg2 20. Qe2 h4 21. f4 Nf6 22. Rxd8+ Qxd8 23. Qf3 h3 24. Bf1 Rg8 25. Bxh3 Nd5 26. Rd1 f5 27. Bxf5 exf5 28. Qxd5 Qe7 29. Qxg8+ 1-0

[Event "Pula op 35th"]
[Site "Pula"]
[Date "2023.06.21"]
[Round "5"]
[White "Fernandez Garcia, Jose Miguel"]
[Black "Novosel, Lovro"]
[Result "1/2-1/2"]
[WhiteElo "2363"]
[BlackElo "2400"]
[PlyCount "101"]
[EventDate "2023.06.17"]
[EventType "swiss"]
[EventRounds "9"]
[EventCountry "CRO"]
[SourceTitle "CBM 214 Extra"]
[Source "ChessBase"]
[SourceDate "2023.07.31"]
[SourceVersion "1"]
[SourceVersionDate "2023.07.31"]
[SourceQuality "1"]

1. e4 c5 2. Nf3 d6 3. d4 cxd4 4. Nxd4 Nf6 5. Nc3 a6 6. f3 e5 7. Nb3 Be6 8. Be3 Be7 9. Qd2 h5 10. 0-0-0 Nbd7 11. Be2 Rc8 12. Kb1 b5 13. Nd5 Bxd5 14. exd5 Nb6 15. Bxb6 Qxb6 16. Na5 Rc5 17. c4 bxc4 18. Nxc4 Qb7 19. Ne3 0-0 20. Rc1 Nd7 21. Nf5 Re8 22. Rxc5 Nxc5 23. Ng3 g6 24. Ne4 Nxe4 25. fxe4 Rb8 26. h4 Bd8 27. g4 hxg4 28. Bxg4 Qb4 29. Qe2 Bb6 30. Rh3 Qd4 31. h5 Qg1+ 32. Qd1 Qg2 33. Qe2 Bf2 34. hxg6 fxg6 35. a3 Qg1+ 36. Ka2 Bd4 37. Rb3 Rxb3 38. Kxb3 Kg7 39. Be6 Kf6 40. Qxa6 Qf2 41. Qxd6 Qxb2+ 42. Ka4 Qc2+ 43. Kb5 Qxe4 44. Qd8+ Kg7 45. Qe7+ Kh6 46. Qf8+ Kh5 47. Qh8+ Kg5 48. Qd8+ Kh5 49. Qh8+ Kg5 50. Qd8+ Kh5 51. Qh8+ 1/2-1/2

[Event "Andalucia-chT Honor final"]
[Site "Marbella"]
[Date "2018.12.01"]
[Round "1.1"]
[White "Blanco Acevedo, Cristobal Jose"]
[Black "Fernandez Garcia, Jose Miguel"]
[Result "1-0"]
[WhiteElo "2362"]
[BlackElo "2404"]
[PlyCount "95"]
[EventDate "2018.12.01"]
[EventType "team-k.o."]
[EventRounds "3"]
[EventCountry "ESP"]
[SourceTitle "CBM 189 Extra"]
[Source "ChessBase"]
[SourceDate "2019.06.03"]
[SourceVersion "1"]
[SourceVersionDate "2019.06.03"]
[SourceQuality "1"]
[WhiteTeam "Reina Brillante"]
[BlackTeam "Nazari"]
[WhiteTeamCountry "ESP"]
[BlackTeamCountry "ESP"]

1. d4 e6 2. c4 b6 3. Nc3 Bb7 4. e4 Bb4 5. f3 c5 6. d5 exd5 7. cxd5 a6 8. a3 Ba5 9. Be3 Nf6 10. Rb1 Qe7 11. Kf2 b5 12. d6 Qe5 13. Nge2 0-0 14. b4 Bb6 15. g3 cxb4 16. Bxb6 bxc3 17. Qd4 c2 18. Rc1 Nc6 19. Qd3 b4 20. a4 b3 21. Qxb3 Qxd6 22. Rxc2 Nb4 23. Bc7 Nxe4+ 24. fxe4 Qf6+ 25. Bf4 Nxc2 26. Qxb7 Rab8 27. Qd5 Qb6+ 28. Kf3 Ne1+ 29. Kg4 Qg6+ 30. Kh3 h5 31. Qf5 Qxf5+ 32. exf5 Rb3 33. Nc1 Rb1 34. Bxa6 Nf3 35. Rf1 Nd4 36. Rd1 Ra8 37. Bc4 Nc6 38. Rxd7 Ra7 39. Rd6 Na5 40. Bb5 Kh7 41. f6 g6 42. Rd5 Ra8 43. Nd3 Rb8 44. Re5 Rb7 45. Nc5 Rc7 46. Ne4 Rd1 47. Re7 Rb7 48. Nd6 1-0

[Event "Andalucia-chT Honor Oriental"]
[Site "Andalucia"]
[Date "2018.11.17"]
[Round "5.26"]
[White "Fernandez Garcia, Jose Miguel"]
[Black "Martin Carmona, Gaston Manuel"]
[Result "1/2-1/2"]
[WhiteElo "2404"]
[BlackElo "2313"]
[PlyCount "98"]
[EventDate "2018.09.30"]
[EventType "team-tourn"]
[EventRounds "7"]
[EventCountry "ESP"]
[SourceTitle "EXT 2020"]
[Source "ChessBase"]
[SourceDate "2019.10.17"]
[SourceVersion "1"]
[SourceVersionDate "2019.10.17"]
[SourceQuality "1"]
[WhiteTeam "Nazari"]
[BlackTeam "Miraflores Smartick"]
[WhiteTeamCountry "ESP"]
[BlackTeamCountry "ESP"]

1. Nf3 Nf6 2. e3 d5 3. b3 Bf5 4. Ba3 g6 5. Be2 Bg7 6. Bb2 0-0 7. 0-0 c6 8. d3 Bg4 9. Nbd2 a5 10. a3 Nbd7 11. c4 e6 12. Rc1 Qe7 13. Qc2 Rfd8 14. h3 Bxf3 15. Nxf3 e5 16. cxd5 Nxd5 17. Rfe1 Re8 18. Nd2 f5 19. Bf3 Qe6 20. Qb1 Bf8 21. g3 Qf7 22. Bg2 f4 23. Ne4 fxe3 24. fxe3 Qe7 25. Rc2 Bh6 26. Bc1 Rf8 27. Rf2 Rxf2 28. Nxf2 Nc5 29. e4 Bxc1 30. exd5 Bd2 31. Re2 Bc3 32. Qc2 Bd4 33. b4 axb4 34. axb4 Ra1+ 35. Kh2 Na4 36. dxc6 bxc6 37. Qc4+ Qf7 38. Bxc6 Nc3 39. Rc2 Kg7 40. Qxf7+ Kxf7 41. b5 Rb1 42. Ne4 Nxe4 43. dxe4 Ke7 44. Ra2 g5 45. Re2 Rb3 46. Kg2 h5 47. Kh2 h4 48. gxh4 gxh4 49. Rg2 Rb2 1/2-1/2

[Event "ESP-ch rapid"]
[Site "Linares"]
[Date "2018.08.19"]
[Round "8"]
[White "Fernandez Garcia, Jose Miguel"]
[Black "Martin Rodriguez, Emilio"]
[Result "1-0"]
[WhiteElo "2404"]
[BlackElo "1994"]
[PlyCount "55"]
[EventDate "2018.08.19"]
[EventType "swiss (rapid)"]
[EventRounds "9"]
[EventCountry "ESP"]
[SourceTitle "CBM 186 Extra"]
[Source "ChessBase"]
[SourceDate "2018.08.24"]
[SourceVersion "1"]
[SourceVersionDate "2018.08.24"]
[SourceQuality "1"]

1. e4 c6 2. c4 d5 3. exd5 cxd5 4. cxd5 Qxd5 5. Nc3 Qd6 6. d4 e6 7. Nf3 Nf6 8. Bd3 Be7 9. 0-0 0-0 10. Be3 Nc6 11. a3 a6 12. Rc1 Bd7 13. Bb1 Rfd8 14. Qd3 Rac8 15. Rfd1 Be8 16. h3 g6 17. Qe2 Na5 18. Ba2 Bc6 19. Ne5 Bd5 20. Nxd5 Nxd5 21. Qf3 f5 22. Nd3 b6 23. Nf4 Rxc1 24. Rxc1 Nxf4 25. Bxf4 Qxd4 26. Bxe6+ Kg7 27. b4 Bd6 28. Rd1 1-0

[Event "ESP-ch rapid"]
[Site "Linares"]
[Date "2018.08.19"]
[Round "4"]
[White "Ibarra Jerez, Jose Carlos"]
[Black "Fernandez Garcia, Jose Miguel"]
[Result "1/2-1/2"]
[WhiteElo "2570"]
[BlackElo "2404"]
[PlyCount "50"]
[EventDate "2018.08.19"]
[EventType "swiss (rapid)"]
[EventRounds "9"]
[EventCountry "ESP"]
[SourceTitle "CBM 186 Extra"]
[Source "ChessBase"]
[SourceDate "2018.08.24"]
[SourceVersion "1"]
[SourceVersionDate "2018.08.24"]
[SourceQuality "1"]

1. e4 c5 2. Nf3 b6 3. d4 cxd4 4. Nxd4 Bb7 5. Nc3 g6 6. Bf4 Nc6 7. Nd5 Rc8 8. Nb5 d6 9. Qd2 a6 10. Nbc3 e6 11. Ne3 b5 12. 0-0-0 Nf6 13. f3 Qb6 14. Kb1 Be7 15. Bh6 Nd7 16. f4 Nc5 17. Bd3 Na5 18. b4 Nc4 19. Bxc4 bxc4 20. Qd4 Qxb4+ 21. Ka1 Rg8 22. Rb1 Qa5 23. Nxc4 Qc7 24. Rhd1 Nd7 25. Rd3 Ba8 1/2-1/2

[Event "Cadiz CA 50th"]
[Site "El Puerto de Santa Maria"]
[Date "2016.07.31"]
[Round "9"]
[White "Gomez Ledo, Roberto Carlos"]
[Black "Fernandez Garcia, Jose Miguel"]
[Result "1/2-1/2"]
[WhiteElo "2417"]
[BlackElo "2427"]
[PlyCount "20"]
[EventDate "2016.07.25"]
[EventType "tourn"]
[EventRounds "9"]
[EventCountry "ESP"]
[SourceTitle "CBM 173 Extra"]
[Source "ChessBase"]
[SourceDate "2016.08.29"]
[SourceVersion "1"]
[SourceVersionDate "2016.08.29"]
[SourceQuality "1"]

1. d4 Nf6 2. Nf3 e6 3. Bf4 c5 4. c3 Nc6 5. e3 Be7 6. Nbd2 h6 7. h3 b6 8. Be2 Bb7 9. 0-0 0-0 10. Bh2 Rc8 1/2-1/2

[Event "Cadiz CA 50th"]
[Site "El Puerto de Santa Maria"]
[Date "2016.07.29"]
[Round "7"]
[White "Sousa, Andre Ventura"]
[Black "Fernandez Garcia, Jose Miguel"]
[Result "1/2-1/2"]
[WhiteElo "2411"]
[BlackElo "2427"]
[PlyCount "193"]
[EventDate "2016.07.25"]
[EventType "tourn"]
[EventRounds "9"]
[EventCountry "ESP"]
[SourceTitle "CBM 173 Extra"]
[Source "ChessBase"]
[SourceDate "2016.08.29"]
[SourceVersion "1"]
[SourceVersionDate "2016.08.29"]
[SourceQuality "1"]

1. e4 d6 2. d4 Nf6 3. Nc3 e5 4. Nf3 Nbd7 5. Bc4 Be7 6. 0-0 c6 7. a4 Qc7 8. Re1 h6 9. a5 g5 10. Bb3 Nf8 11. a6 b5 12. d5 Bd7 13. dxc6 Bxc6 14. Be3 Ne6 15. Nd5 Bxd5 16. Bxd5 Nxd5 17. Qxd5 0-0 18. c3 Rab8 19. Rec1 Rfc8 20. h3 Qc6 21. Rd1 Qxd5 22. Rxd5 Rc6 23. Bxa7 Ra8 24. Be3 Nc7 25. a7 f5 26. Nxe5 dxe5 27. Rxe5 f4 28. Rxe7 fxe3 29. fxe3 Kf8 30. Rh7 Ke8 31. e5 Kd8 32. Rd1+ Kc8 33. Rd6 Kb7 34. Rdd7 Rxa7 35. e6 Ra8 36. Rxh6 Re8 37. Rg7 Rexe6 38. Rxe6 Rxe6 39. Rxg5 Rxe3 40. Kf2 Re4 41. g4 Ra4 42. Re5 Kc6 43. Kf3 Kd6 44. Re2 Ne6 45. h4 Rc4 46. Re4 Nc5 47. Re2 b4 48. cxb4 Rxb4 49. h5 Ne6 50. Kg3 Ke7 51. Rf2 Ng5 52. Kh4 Nf7 53. Kg3 Ne5 54. Re2 Kd6 55. Rd2+ Ke6 56. Re2 Rxg4+ 57. Kf2 Rh4 58. Ke3 Nc4+ 59. Kd3+ Kd5 60. Re8 Rh3+ 61. Ke2 Nxb2 62. Rd8+ Kc4 63. Rc8+ Kd4 64. Rd8+ Ke5 65. Re8+ Kf6 66. Rf8+ Kg7 67. Rb8 Nd3 68. Kd2 Nf4 69. Rb7+ Kh6 70. Rb8 Nxh5 71. Rg8 Ra3 72. Rg1 Nf6 73. Kc2 Kh5 74. Kb2 Rf3 75. Rg7 Ng4 76. Kc2 Kh4 77. Rg8 Kg3 78. Kd2 Ra3 79. Ke2 Kf4 80. Rf8+ Ke4 81. Re8+ Ne5 82. Kd2 Rh3 83. Kc2 Rh7 84. Kd2 Rc7 85. Re6 Rd7+ 86. Ke2 Ra7 87. Kd2 Rd7+ 88. Ke2 Rd8 89. Re7 Ra8 90. Kd2 Kd4 91. Kc2 Rc8+ 92. Kd2 Rh8 93. Kc2 Rh2+ 94. Kb3 Rh4 95. Re8 Rh3+ 96. Kc2 Rc3+ 97. Kd2 1/2-1/2

[Event "Granada Nazari GM 2nd"]
[Site "Granada"]
[Date "2015.03.30"]
[Round "7"]
[White "Fernandez Garcia, Jose Miguel"]
[Black "Jankovic, Alojzije"]
[Result "1/2-1/2"]
[WhiteElo "2423"]
[BlackElo "2554"]
[PlyCount "31"]
[EventDate "2015.03.26"]
[EventType "tourn"]
[EventRounds "9"]
[EventCountry "ESP"]
[EventCategory "10"]
[SourceTitle "CBM 165 Extra"]
[Source "ChessBase"]
[SourceDate "2015.04.21"]
[SourceVersion "1"]
[SourceVersionDate "2015.04.21"]
[SourceQuality "1"]

1. d4 Nf6 2. c4 g6 3. g3 Bg7 4. Bg2 0-0 5. Nf3 d6 6. 0-0 c6 7. Nc3 Qb6 8. h3 Qa6 9. Nd2 Be6 10. b3 d5 11. cxd5 Nxd5 12. Nxd5 Bxd5 13. Bxd5 cxd5 14. Nf3 Nc6 15. Be3 Rac8 16. Qd2 1/2-1/2

[Event "Granada Nazari GM 2nd"]
[Site "Granada"]
[Date "2015.03.27"]
[Round "3"]
[White "Fernandez Garcia, Jose Miguel"]
[Black "Camacho Collados, Marcos"]
[Result "0-1"]
[WhiteElo "2423"]
[BlackElo "2449"]
[PlyCount "70"]
[EventDate "2015.03.26"]
[EventType "tourn"]
[EventRounds "9"]
[EventCountry "ESP"]
[EventCategory "10"]
[SourceTitle "CBM 165 Extra"]
[Source "ChessBase"]
[SourceDate "2015.04.21"]
[SourceVersion "1"]
[SourceVersionDate "2015.04.21"]
[SourceQuality "1"]

1. e4 e5 2. Nf3 Nc6 3. d4 exd4 4. Nxd4 Bb4+ 5. c3 Bc5 6. Be3 Bb6 7. Nf5 g6 8. Bxb6 axb6 9. Ne3 Nf6 10. f3 0-0 11. c4 d5 12. Nxd5 Ne5 13. Nbc3 c6 14. Ne3 Qe7 15. Be2 Nh5 16. 0-0 Qc5 17. Qc1 Nf4 18. Kh1 Be6 19. Ned1 Nxe2 20. Nxe2 Bxc4 21. Qc2 Rxa2 22. Rxa2 Bxa2 23. Ndc3 Bc4 24. Rd1 Qe3 25. h3 Ra8 26. Kh2 Qf2 27. Kh1 b5 28. b4 Qe3 29. f4 Nd3 30. Rf1 Nxb4 31. Qd1 Bxe2 32. Nxe2 Nd3 33. Kh2 Nf2 34. Qc2 Qxe4 35. Qd2 Qd3 0-1

[Event "Roquetas de Mar op 26th"]
[Site "Roquetas de Mar"]
[Date "2015.01.05"]
[Round "7"]
[White "Fernandez Garcia, Jose Miguel"]
[Black "Svetushkin, Dmitry"]
[Result "0-1"]
[WhiteElo "2434"]
[BlackElo "2581"]
[PlyCount "40"]
[EventDate "2015.01.02"]
[EventType "swiss"]
[EventRounds "9"]
[EventCountry "ESP"]
[SourceTitle "CBM 164 Extra"]
[Source "ChessBase"]
[SourceDate "2015.03.02"]
[SourceVersion "1"]
[SourceVersionDate "2015.03.02"]
[SourceQuality "1"]

1. e4 e5 2. Nf3 Nc6 3. Bb5 a5 4. Ba4 Nf6 5. d3 Bc5 6. 0-0 d6 7. a3 0-0 8. Nbd2 Ne7 9. Re1 Ng4 10. Rf1 f5 11. h3 Nf6 12. Bb3+ Kh8 13. Ng5 Qe8 14. Ne6 Bxe6 15. Bxe6 fxe4 16. Nxe4 Nxe4 17. dxe4 Qg6 18. Qg4 Rxf2 19. Rxf2 Rf8 20. Bg5 h5 0-1

[Event "Hessenliga 1415"]
[Site "Hessen"]
[Date "2014.09.28"]
[Round "1.7"]
[White "Trumpp, Lothar"]
[Black "Fernandez Garcia, Jose Miguel"]
[Result "0-1"]
[WhiteElo "2071"]
[BlackElo "2353"]
[PlyCount "136"]
[EventDate "2014.09.28"]
[EventType "team-tourn"]
[EventRounds "9"]
[EventCountry "GER"]
[SourceTitle "EXT 2016"]
[Source "ChessBase"]
[SourceDate "2015.10.08"]
[SourceVersion "1"]
[SourceVersionDate "2015.10.08"]
[SourceQuality "1"]
[WhiteTeam "Offenbach"]
[BlackTeam "Gelnhausen"]
[WhiteTeamCountry "GER"]
[BlackTeamCountry "GER"]

1. Nc3 d5 2. e4 Nf6 3. e5 Nfd7 4. f4 c5 5. Nf3 Nc6 6. Nxd5 Ndxe5 7. Nxe5 Nxe5 8. Bb5+ Bd7 9. Qe2 Nc6 10. c3 a6 11. Bd3 e6 12. Ne3 Qc7 13. 0-0 Be7 14. Be4 f5 15. Bf3 0-0 16. Nc4 Bf6 17. d3 Rad8 18. Bxc6 Bxc6 19. Qxe6+ Kh8 20. Qe3 Rfe8 21. Qg3 Re2 22. Rf2 Re1+ 23. Rf1 Re2 24. Rf2 Rxf2 25. Kxf2 Qe7 26. Qe3 Qxe3+ 27. Bxe3 Rxd3 28. Ke2 Rd8 29. g3 Bb5 30. b3 Bxc3 31. Rc1 Bxc4+ 32. bxc4 Bb4 33. Rb1 Rd7 34. Rb3 b6 35. Bc1 Kg8 36. a3 Ba5 37. Be3 Kf7 38. Rb1 Rd6 39. Rc1 Rh6 40. Bg1 Rd6 41. Be3 Ke6 42. Rc2 Kd7 43. Rc1 Kc6 44. Rc2 Re6 45. Rc1 Rh6 46. Bg1 Re6+ 47. Be3 Re4 48. Kd3 Re8 49. Ke2 Re7 50. Kf3 h6 51. h4 h5 52. Ke2 g6 53. Kd3 Rb7 54. Kc2 Rd7 55. a4 b5 56. axb5+ axb5 57. Ra1 Bb6 58. cxb5+ Kxb5 59. Rb1+ Kc6 60. Kc3 Re7 61. Kd2 Ba5+ 62. Ke2 Bb4 63. Ra1 Bc3 64. Ra6+ Kb5 65. Rxg6 Bd4 66. Rg5 Kc4 67. Rxf5 Rxe3+ 68. Kd2 Rxg3 0-1